Statistiques concernant Conférence de presse de Thierry Henry après Monaco-Strasbourg

Cliquez ici pour prendre le quiz!

Statistiques générales

  • Ce quiz a été pris 241 fois
  • Le résultat moyen est 49 sur 97

Statistiques - réponses

Thierry Henry% Correct
à
91%
a
91%
à
91%
à
91%
à
91%
j'
88%
J'
88%
j'
88%
la
87%
la
87%
la
87%
la
87%
la
87%
ai
83%
ai
83%
pour
78%
pour
78%
pour
78%
VAR
76%
VAR
76%
VAR
76%
VAR
76%
un
75%
vous
75%
vous
75%
pénalty
72%
pénalty
72%
pénalty
72%
penalty
72%
pas
69%
pas
69%
pas
69%
pas
69%
scoop
69%
sur
68%
sur
68%
sur
68%
sur
68%
ne
64%
ne
64%
ne
64%
Lopes
62%
Lopes
62%
Rony
62%
Rony
62%
arbitre
51%
le
49%
le
49%
Monaco
49%
pourquoi
49%
pourquoi
49%
demandé
48%
fonctionne
46%
il
46%
il
46%
BIZARRE
43%
fonctionnait
43%
fonctionnait
43%
Henry
40%
Monsieur
40%
on
40%
je
39%
je
39%
me
38%
y
38%
y
38%
dit
32%
Et
32%
si
32%
mais
31%
fois
29%
elle
25%
alors
24%
désolé
24%
Attal
23%
savoir
23%
bien
22%
avait
21%
est
21%
suis
21%
aimerais
19%
moi
19%
10 000
18%
revenu
16%
après
14%
regarder
13%
61e
12%
invite
12%
revenir
12%
effort
11%
s'est
11%
surhumain
11%
2-2
10%
4e
10%
2-1
8%
fonctionner
8%
remise
8%

Distribution des résultats

Percentile par nombre de réponses

% des personnes avec chaque résultat

Votre développement - résultats

Vous n’avez pas pris ce quiz